<?xml version="1.0" encoding="UTF-8"?><?xml-stylesheet type="text/xsl" href="static/style.xsl"?><OAI-PMH xmlns="http://www.openarchives.org/OAI/2.0/" xmlns:xsi="http://www.w3.org/2001/XMLSchema-instance" xsi:schemaLocation="http://www.openarchives.org/OAI/2.0/ http://www.openarchives.org/OAI/2.0/OAI-PMH.xsd"><responseDate>2026-04-17T13:52:13Z</responseDate><request verb="GetRecord" identifier="oai:riubu.ubu.es:10259/6007" metadataPrefix="marc">https://riubu.ubu.es/oai/request</request><GetRecord><record><header><identifier>oai:riubu.ubu.es:10259/6007</identifier><datestamp>2021-11-02T12:23:54Z</datestamp><setSpec>com_10259.4_103</setSpec><setSpec>com_10259.4_1</setSpec><setSpec>com_10259_2604</setSpec><setSpec>col_10259_5853</setSpec></header><metadata><record xmlns="http://www.loc.gov/MARC21/slim" xmlns:doc="http://www.lyncode.com/xoai" xmlns:xsi="http://www.w3.org/2001/XMLSchema-instance" xmlns:dcterms="http://purl.org/dc/terms/" xsi:schemaLocation="http://www.loc.gov/MARC21/slim http://www.loc.gov/standards/marcxml/schema/MARC21slim.xsd">
<leader>00925njm 22002777a 4500</leader>
<datafield tag="042" ind1=" " ind2=" ">
<subfield code="a">dc</subfield>
</datafield>
<datafield tag="720" ind1=" " ind2=" ">
<subfield code="a">Cuesta Nieto, José Antonio</subfield>
<subfield code="e">author</subfield>
</datafield>
<datafield tag="260" ind1=" " ind2=" ">
<subfield code="c">2012</subfield>
</datafield>
<datafield tag="520" ind1=" " ind2=" ">
<subfield code="a">Mazuelo de Muñó era un pueblo con una alta proporción&#xd;
de tierra cultivable. Sin embargo, durante la Edad Moderna esta tierra&#xd;
estuvo gravada con varios censos perpetuos. Vamos a analizar&#xd;
las difíciles relaciones con uno de los propietarios de esos censos –los&#xd;
Mazuelo-Riaño– y su impacto sobre los vecinos de esta población a&#xd;
través de una serie de pleitos y concordias.</subfield>
</datafield>
<datafield tag="520" ind1=" " ind2=" ">
<subfield code="a">Mazuelo de Muñó was a village with a high proportion&#xd;
of cultivable land. However, during the Modern Era this land was&#xd;
taxed with some perpetual annuities. We are going to analyze the&#xd;
difficult relationships with one of the owners of those annuities&#xd;
–Mazuelo-Riaño family– and its impact over the neighbours of this&#xd;
village after several pleitos y concordias.</subfield>
</datafield>
<datafield tag="024" ind2=" " ind1="8">
<subfield code="a">0211-8998</subfield>
</datafield>
<datafield tag="024" ind2=" " ind1="8">
<subfield code="a">http://hdl.handle.net/10259/6007</subfield>
</datafield>
<datafield ind1=" " ind2=" " tag="653">
<subfield code="a">Censo perpetuo</subfield>
</datafield>
<datafield ind1=" " ind2=" " tag="653">
<subfield code="a">Mazuelo de Muñó</subfield>
</datafield>
<datafield ind1=" " ind2=" " tag="653">
<subfield code="a">Castilla</subfield>
</datafield>
<datafield ind1=" " ind2=" " tag="653">
<subfield code="a">Burgos</subfield>
</datafield>
<datafield ind1=" " ind2=" " tag="653">
<subfield code="a">Perpetual annuity</subfield>
</datafield>
<datafield ind1=" " ind2=" " tag="653">
<subfield code="a">Castile</subfield>
</datafield>
<datafield tag="245" ind1="0" ind2="0">
<subfield code="a">Mazuelo de Muñó: una lucha secular por la tierra</subfield>
</datafield>
</record></metadata></record></GetRecord></OAI-PMH>